[Event "C.to Provinciale BG"]
[Site "Bergamo ITA"]
[Date "2001.10.16"]
[Round "4"]
[White "Bassis, Ivano"]
[Black "Longo, Pietro"]
[Result "1/2-1/2"]
[WhiteElo "1642"]
[BlackElo "1585"]
[PlyCount "55"]
[EventDate "2001.09.25"]

1. e4 c5 2. Nf3 d6 3. Bb5+ Bd7 4. Bxd7+ Qxd7 5. O-O Nc6 6. c3 Nf6 7. Qe2 g6 8.
d4 cxd4 9. cxd4 Qc7 10. Nc3 Bg7 11. Bg5 O-O 12. Bxf6 exf6 13. Nb5 Qd8 14. d5
Ne5 15. Rac1 Nxf3+ 16. Qxf3 a6 17. Nd4 f5 18. Ne2 fxe4 19. Qxe4 Re8 20. Qd3 Rc8
21. Rxc8 Qxc8 22. b3 Qg4 23. Ng3 Qc8 24. Ne4 Qf5 25. Re1 Rc8 26. Qg3 Qe5 27.
Kf1 Qxg3 28. hxg3 1/2-1/2

[Event "C.to Provinciale BG"]
[Site "Bergamo ITA"]
[Date "2001.10.16"]
[Round "4"]
[White "Cambieri, Mario"]
[Black "Riggio, Mauro"]
[Result "1-0"]
[WhiteElo "1660"]
[BlackElo "1702"]
[PlyCount "55"]
[EventDate "2001.09.25"]

1. c4 Nf6 2. Nc3 d5 3. cxd5 Nxd5 4. g3 g6 5. Bg2 c6 6. d4 Bg7 7. e4 Nxc3 8.
bxc3 c5 9. Ne2 O-O 10. Be3 cxd4 11. cxd4 Nc6 12. O-O Qa5 13. Qb3 Rd8 14. Rfd1
Bg4 15. f3 Bd7 16. Rac1 Qa6 17. Nc3 Na5 18. Qb4 Bf8 19. Bf1 b5 20. Bxb5 Qb6 21.
Qb1 Qf6 22. Be2 Rab8 23. Qd3 Rb2 24. Rd2 Rb4 25. Nd5 Qd6 26. Bf4 Rxd4 27. Qxd4
Qa3 28. Qb2 1-0

[Event "C.to Provinciale BG"]
[Site "Bergamo ITA"]
[Date "2001.10.16"]
[Round "4"]
[White "Elsido, Massimo"]
[Black "Rota, Luca"]
[Result "1-0"]
[WhiteElo "1657"]
[BlackElo "1500"]
[PlyCount "86"]
[EventDate "2001.09.25"]

1. e4 c5 2. c3 Nc6 3. Nf3 d6 4. d4 cxd4 5. cxd4 Bg4 6. Bb5 a6 7. Bxc6+ bxc6 8.
O-O Nf6 9. Qd3 e6 10. Nc3 Be7 11. e5 Nd5 12. exd6 Bxd6 13. Ne5 Bxe5 14. dxe5
Bf5 15. Qc4 Qb6 16. a4 a5 17. Ne4 Bxe4 18. Qxe4 O-O 19. Ra3 f5 20. exf6 Rxf6
21. Rh3 Rg6 22. Qh4 h6 23. Qe4 Rf6 24. Qg4 Kf7 25. Rg3 g5 26. h4 Rg8 27. Qh5+
Rgg6 28. hxg5 Rf5 29. Rf3 Rxf3 30. Qxf3+ Ke7 31. gxh6 Qd8 32. Qh5 Qg8 33. g3
Qh7 34. Rd1 Kd7 35. Rd4 Kc7 36. Rg4 Ne7 37. Qxa5+ Kd7 38. Rd4+ Ke8 39. Qd8+ Kf7
40. Rf4+ Rf6 41. Rxf6+ Kxf6 42. Qf8+ Kg6 43. a5 Ng8 1-0

[Event "C.to Provinciale BG"]
[Site "Bergamo ITA"]
[Date "2001.10.16"]
[Round "4"]
[White "Fiorona, Gianpietro"]
[Black "Bertoletti, Vincenzo"]
[Result "1-0"]
[WhiteElo "1528"]
[BlackElo "1383"]
[PlyCount "69"]
[EventDate "2001.09.25"]

1. d4 Nf6 2. Nc3 g6 3. e4 d6 4. f3 Bg7 5. Be3 O-O 6. Qd2 e5 7. Nge2 Nfd7 8.
O-O-O c5 9. dxc5 Nxc5 10. Bxc5 Bf6 11. Be3 Nc6 12. Nd5 Bh8 13. h4 a5 14. h5 Nb4
15. Kb1 Be6 16. hxg6 fxg6 17. Nec3 Rc8 18. Bd3 Nc6 19. Bg5 Qe8 20. Bb5 Rf7 21.
Nb6 Rcc7 22. Ncd5 Bxd5 23. exd5 e4 24. dxc6 Qe5 25. c3 Qxb5 26. Nd5 exf3 27.
Nxc7 Rxc7 28. gxf3 bxc6 29. Qe3 Bxc3 30. Qe8+ Kg7 31. Bh6+ Kf6 32. Qh8+ Ke7 33.
Qxc3 Kd7 34. Bg7 Kc8 35. Rxd6 1-0

[Event "C.to Provinciale BG"]
[Site "Bergamo ITA"]
[Date "2001.10.16"]
[Round "4"]
[White "Molteni, Costantino"]
[Black "Biava, Pierluigi"]
[Result "0-1"]
[WhiteElo "1567"]
[BlackElo "1525"]
[PlyCount "75"]
[EventDate "2001.09.25"]

1. d4 Nf6 2. c4 e6 3. Nf3 b6 4. Nc3 Bb7 5. Bg5 h6 6. Bh4 g5 7. Bg3 Nh5 8. e4
Nxg3 9. hxg3 Bg7 10. Qd3 Nc6 11. Ne2 Qe7 12. a3 Qd6 13. e5 Nxe5 14. Nxe5 Bxe5
15. Rd1 Bg7 16. Nc3 a6 17. Ne4 Qe7 18. f3 f5 19. Nc3 O-O 20. Be2 Rae8 21. b4
Qd6 22. Kf2 e5 23. dxe5 Qxe5 24. Nd5 Re6 25. f4 Qd6 26. fxg5 hxg5 27. Rh5 Rfe8
28. Bf3 g4 29. Qxf5 gxf3 30. Qh7+ Kf8 31. Rf5+ Rf6 32. Rxf6+ Bxf6 33. Nxf6 Re2+
34. Kg1 Qxd1+ 35. Kh2 Rxg2+ 36. Kh3 Qh1+ 37. Kg4 Qxh7 38. Nxh7+ 0-1

[Event "C.to Provinciale BG"]
[Site "Bergamo ITA"]
[Date "2001.10.16"]
[Round "4"]
[White "Mora, Lorenzo"]
[Black "Mora, Aldo"]
[Result "1-0"]
[WhiteElo "1500"]
[BlackElo "1500"]
[PlyCount "91"]
[EventDate "2001.09.25"]

1. e4 e5 2. Nf3 Nc6 3. Bc4 h6 4. Nc3 Bc5 5. d3 d6 6. Be3 Bxe3 7. fxe3 Nf6 8.
O-O O-O 9. d4 exd4 10. exd4 a6 11. e5 dxe5 12. dxe5 Qxd1 13. Raxd1 Nh7 14. Nd5
b5 15. Bb3 Ra7 16. Nf4 Ng5 17. Nxg5 hxg5 18. Ng6 Rd8 19. Rxd8+ Nxd8 20. Ne7+
Kh7 21. Nxc8 Ra8 22. Ne7 c5 23. Rf3 g6 24. c4 Ra7 25. Nd5 b4 26. Nf6+ Kg7 27.
Ne8+ Kf8 28. Nd6 Re7 29. Bc2 Re6 30. Be4 Kg8 31. Bd5 Re7 32. Kf2 Kg7 33. Kg3
Rxe5 34. Nxf7 Nxf7 35. Rxf7+ Kh6 36. Kf3 Rf5+ 37. Rxf5 gxf5 38. Bb7 a5 39. a3
Kg6 40. g3 Kf6 41. h4 Kg6 42. hxg5 Kxg5 43. Bc8 Kf6 44. Kf4 Kg6 45. Bxf5+ Kf6
46. g4 1-0

[Event "C.to Provinciale BG"]
[Site "Bergamo ITA"]
[Date "2001.10.16"]
[Round "4"]
[White "Nasoni, Paolo"]
[Black "Mazzotti, Federico"]
[Result "1-0"]
[WhiteElo "1747"]
[BlackElo "1743"]
[PlyCount "75"]
[EventDate "2001.09.25"]

1. e4 c5 2. Nf3 Nc6 3. d4 cxd4 4. Nxd4 Qc7 5. Nc3 Nf6 6. Be2 e6 7. O-O a6 8.
Kh1 b5 9. a3 Bb7 10. f4 Rc8 11. Bf3 Na5 12. e5 Nd5 13. Bxd5 exd5 14. f5 Bc5 15.
Bf4 Bxd4 16. Qxd4 Qc4 17. Qb6 d4 18. Na2 Qd5 19. Rf2 Nc4 20. Qa7 Ra8 21. Nb4
Rxa7 22. Nxd5 Bxd5 23. b3 Nb6 24. Rd2 Be4 25. f6 O-O 26. Re1 Bc6 27. Rxd4 Raa8
28. Red1 Rac8 29. Rd6 gxf6 30. R1d3 Kh8 31. Bh6 Rg8 32. Rd2 Rce8 33. Bf4 Nc8
34. Rxf6 Ne7 35. Rxf7 Ng6 36. Bg5 Nxe5 37. Bf6+ Rg7 38. Rxg7 1-0

[Event "C.to Provinciale BG"]
[Site "Bergamo ITA"]
[Date "2001.10.16"]
[Round "4"]
[White "Stefanelli, Alfredo"]
[Black "Signorelli, Roberto"]
[Result "0-1"]
[WhiteElo "1723"]
[BlackElo "1506"]
[PlyCount "68"]
[EventDate "2001.09.25"]

1. d4 e6 2. c4 Nf6 3. Nf3 b6 4. Bg5 Be7 5. Nc3 Bb7 6. e3 h6 7. Bh4 Ne4 8. Bxe7
Qxe7 9. Be2 O-O 10. Qc2 d5 11. cxd5 exd5 12. O-O Nd7 13. Rac1 Rac8 14. Nb5 c5
15. Nxa7 Ra8 16. Nb5 Rxa2 17. Na3 c4 18. Qb1 Rxa3 19. bxa3 Qxa3 20. Qb5 Qd6 21.
Ra1 Bc6 22. Qb2 b5 23. Rfb1 Rb8 24. Bd1 b4 25. Ra6 b3 26. Nd2 Nxd2 27. Qxd2 Nb6
28. Qa5 Bd7 29. Bxb3 cxb3 30. Rxb3 Qc7 31. Rb1 Qc2 32. Qe1 Qg6 33. f3 Bh3 34.
g3 Qc2 0-1

[Event "C.to Provinciale BG"]
[Site "Bergamo ITA"]
[Date "2001.10.23"]
[Round "5"]
[White "Bassis, Ivano"]
[Black "Mora, Lorenzo"]
[Result "1/2-1/2"]
[WhiteElo "1642"]
[BlackElo "1500"]
[PlyCount "64"]
[EventDate "2001.09.25"]

1. e4 e5 2. Nf3 Nc6 3. Bb5 d6 4. d4 exd4 5. Nxd4 Bd7 6. Nxc6 Bxc6 7. Bxc6+ bxc6
8. O-O Nf6 9. Qf3 Qd7 10. Nc3 Be7 11. Bf4 Qg4 12. Qxg4 Nxg4 13. Ne2 Bf6 14. c3
O-O 15. h3 Ne5 16. Rad1 Rab8 17. b3 Ng6 18. Be3 Rfe8 19. Ng3 Bh4 20. Rd2 c5 21.
Nf5 Rxe4 22. Re2 Bf6 23. c4 Rbe8 24. Ng3 R4e6 25. Rfe1 Bc3 26. Rc1 Be5 27. Nf5
Nf4 28. Rd2 Ng6 29. Rcd1 Ne7 30. Nh4 Ng6 31. Nf5 Ne7 32. Nh4 Ng6 1/2-1/2

[Event "C.to Provinciale BG"]
[Site "Bergamo ITA"]
[Date "2001.10.23"]
[Round "5"]
[White "Biava, Pierluigi"]
[Black "Nasoni, Paolo"]
[Result "0-1"]
[WhiteElo "1525"]
[BlackElo "1747"]
[PlyCount "120"]
[EventDate "2001.09.25"]

1. e4 e6 2. Qe2 c5 3. Nf3 Nc6 4. c3 Qb6 5. Na3 g6 6. d3 Bg7 7. Nc4 Qc7 8. g3 b5
9. Ne3 Nge7 10. Bg2 Rb8 11. O-O O-O 12. Nc2 d5 13. Be3 dxe4 14. dxe4 b4 15.
Bxc5 bxc3 16. bxc3 Bxc3 17. Rad1 Qa5 18. Bxe7 Ba6 19. Qe3 Nxe7 20. Rd7 Bxf1 21.
Bxf1 Nc6 22. Bc4 Ne5 23. Nxe5 Bxe5 24. Rxa7 Qd8 25. Bb3 Rc8 26. Kg2 Rxc2 27.
Bxc2 Bd4 28. Qa3 Bxa7 29. Qxa7 Qa8 30. Qxa8 Rxa8 31. Bb3 Kf8 32. g4 g5 33. Kg3
Rd8 34. h3 Ke7 35. f3 Kf6 36. h4 h6 37. h5 Ke5 38. Bc4 Kd4 39. Bb5 Kc5 40. a4
Kb4 41. Kf2 e5 42. Ke3 Rd4 43. Ke2 Ka5 44. Be8 Kb4 45. Bb5 Kc3 46. Ke3 Rd1 47.
Ba6 Re1+ 48. Kf2 Kd2 49. Bb5 Ra1 50. Be8 Kd3 51. Bb5+ Kd4 52. Bc6 Ra2+ 53. Kg3
Ke3 54. Bd5 Rxa4 55. Bxf7 Rb4 56. Bg6 Rb2 57. Bf5 Rf2 58. Bg6 Rxf3+ 59. Kg2 Rf4
60. Bf5 Rxe4 0-1

[Event "C.to Provinciale BG"]
[Site "Bergamo ITA"]
[Date "2001.10.23"]
[Round "5"]
[White "Longo, Pietro"]
[Black "Elsido, Massimo"]
[Result "0-1"]
[WhiteElo "1585"]
[BlackElo "1657"]
[PlyCount "70"]
[EventDate "2001.09.25"]

1. d4 Nf6 2. Nf3 d5 3. c4 dxc4 4. Nc3 e6 5. e4 Bb4 6. Qc2 b5 7. Bg5 h6 8. Bd2
Bxc3 9. Bxc3 Bb7 10. d5 exd5 11. Rd1 O-O 12. exd5 Qe7+ 13. Be2 Nxd5 14. O-O Nd7
15. Rfe1 Qc5 16. Bd4 Qc6 17. Qf5 Qe6 18. Qh5 Nf4 19. Qh4 Nxe2+ 20. Kf1 Bxf3 21.
gxf3 Rfe8 22. Be3 Ne5 23. Kxe2 Ng6 24. Qg3 c3 25. b3 Qf5 26. Kf1 Ne5 27. Bxh6
Ng6 28. Be3 b4 29. Kg2 Re6 30. Rd4 c5 31. Rg4 Rd8 32. Rc1 Rxe3 33. fxe3 Rd2+
34. Kh3 Qh5+ 35. Rh4 Nxh4 0-1

[Event "C.to Provinciale BG"]
[Site "Bergamo ITA"]
[Date "2001.10.23"]
[Round "5"]
[White "Mazzotti, Federico"]
[Black "Fiorona, Gianpietro"]
[Result "0-1"]
[WhiteElo "1743"]
[BlackElo "1528"]
[PlyCount "108"]
[EventDate "2001.09.25"]

1. e4 e6 2. d4 d5 3. e5 c5 4. c3 Nc6 5. Nf3 Nh6 6. Bd3 Nf5 7. Bxf5 exf5 8. Qe2
cxd4 9. cxd4 Be7 10. Nc3 Be6 11. h4 h6 12. Be3 a6 13. Rc1 Rc8 14. O-O Bxh4 15.
Nxh4 Qxh4 16. Qf3 Qg4 17. Qxg4 fxg4 18. Ne2 Kd7 19. Nf4 Ne7 20. Nh5 Nf5 21. Ng3
Nxg3 22. fxg3 Rxc1 23. Bxc1 Rc8 24. Bd2 Rc2 25. Bc3 Kc6 26. Rf2 Rxf2 27. Kxf2
Kb5 28. Ke3 Kc4 29. Ba5 Bf5 30. Bc7 Bb1 31. Kf4 Kxd4 32. Kxg4 Ke4 33. a3 d4 34.
Ba5 Ke3 35. Bb6 Ke4 36. Ba5 Kxe5 37. Kf3 Be4+ 38. Kf2 Kd5 39. Bb6 Kc4 40. b3+
Kc3 41. b4 g6 42. g4 d3 43. Be3 d2 44. Ke2 d1=Q+ 45. Kxd1 Bxg2 46. Bxh6 Bf3+
47. Kc1 Bxg4 48. Kb1 Kb3 49. Bc1 f5 50. Ka1 Kc2 51. Bf4 Kd3 52. Kb2 Ke4 53. Bh2
f4 54. Kc2 Ke3 0-1

[Event "C.to Provinciale BG"]
[Site "Bergamo ITA"]
[Date "2001.10.23"]
[Round "5"]
[White "Molteni, Costantino"]
[Black "Cattaneo, Dario"]
[Result "1-0"]
[WhiteElo "1567"]
[BlackElo "1327"]
[PlyCount "91"]
[EventDate "2001.09.25"]

1. Nf3 e6 2. c4 c5 3. g3 Nf6 4. Bg2 Na6 5. O-O Be7 6. Nc3 O-O 7. d4 cxd4 8.
Nxd4 Rb8 9. Ndb5 Bc5 10. a3 d6 11. b4 Bb6 12. Nxd6 Qd7 13. c5 Bc7 14. Ncb5 Bxd6
15. Nxd6 Rd8 16. Bg5 Qe7 17. Qc2 b6 18. Ne4 h6 19. Bxf6 gxf6 20. c6 Nc7 21. Qb2
e5 22. b5 Be6 23. Rad1 Bd5 24. Nc3 Bxg2 25. Kxg2 f5 26. a4 h5 27. Qc2 Qf6 28.
Rxd8+ Rxd8 29. Rd1 e4 30. Rxd8+ Qxd8 31. Qd1 Qxd1 32. Nxd1 Kg7 33. Ne3 Kg6 34.
f4 exf3+ 35. Kxf3 Kf6 36. Nc4 Ke6 37. e4 fxe4+ 38. Kxe4 Nd5 39. Kd4 f6 40. a5
bxa5 41. Nxa5 f5 42. Nc4 Nc7 43. Kc5 Nd5 44. b6 axb6+ 45. Nxb6 Ke5 46. Nxd5 1-0

[Event "C.to Provinciale BG"]
[Site "Bergamo ITA"]
[Date "2001.10.23"]
[Round "5"]
[White "Ranfagni, Stefano"]
[Black "Stefanelli, Alfredo"]
[Result "0-1"]
[WhiteElo "1618"]
[BlackElo "1723"]
[PlyCount "64"]
[EventDate "2001.09.25"]

1. e4 c5 2. Nf3 Nc6 3. d4 cxd4 4. Nxd4 Nf6 5. Nc3 d6 6. Be2 g6 7. Be3 Bg7 8.
O-O O-O 9. f4 a6 10. Kh1 Qc7 11. f5 Ne5 12. Qd2 b5 13. a3 Bb7 14. Bd3 Neg4 15.
Bg5 Rac8 16. h3 Ne5 17. Bh6 Nh5 18. Rf2 Nxd3 19. cxd3 Bxd4 20. Bxf8 Bxf2 21.
Bxe7 Qxe7 22. Qxf2 Qe5 23. g4 Nf4 24. fxg6 hxg6 25. Rf1 g5 26. h4 f6 27. Qb6
Qe7 28. Qd4 d5 29. exd5 Rxc3 30. bxc3 Bxd5+ 31. Kh2 Qe2+ 32. Rf2 Qxg4 0-1

[Event "C.to Provinciale BG"]
[Site "Bergamo ITA"]
[Date "2001.10.23"]
[Round "5"]
[White "Riggio, Mauro"]
[Black "Asperti, Fabio"]
[Result "1-0"]
[WhiteElo "1702"]
[BlackElo "1543"]
[PlyCount "99"]
[EventDate "2001.09.25"]

1. e4 g6 2. d4 d6 3. Nc3 Bg7 4. Be3 Nf6 5. f3 O-O 6. Qd2 c6 7. Bd3 b5 8. a4 b4
9. Nd1 a5 10. Ne2 Ba6 11. Nf2 Bxd3 12. Nxd3 Na6 13. O-O Nd7 14. Bh6 c5 15. Bxg7
Kxg7 16. c3 Qb6 17. Nf2 Rab8 18. Nf4 bxc3 19. bxc3 Qb2 20. Qd3 Nc7 21. Rfb1 c4
22. Rxb2 cxd3 23. Rab1 d2 24. Kf1 e5 25. N4d3 exd4 26. cxd4 Ne6 27. d5 Nd4 28.
Rxb8 Rxb8 29. Rxb8 Nxb8 30. Nb2 Na6 31. Nc4 Nc5 32. Nxd2 Nxa4 33. Nc4 Nb3 34.
Nxd6 Nb2 35. Nb5 Kf8 36. Ke2 a4 37. Nd3 Nc4 38. Nb4 a3 39. Kd3 Nba5 40. Kc3 Ne3
41. Nxa3 Nxg2 42. Nac2 Nh4 43. Nd4 Ng2 44. Nd3 Ne3 45. Nc5 Nf1 46. Kb4 Nxh2 47.
Kxa5 h5 48. d6 g5 49. d7 Ke7 50. Nc6+ 1-0

[Event "C.to Provinciale BG"]
[Site "Bergamo ITA"]
[Date "2001.10.23"]
[Round "5"]
[White "Rota, Luca"]
[Black "Mora, Aldo"]
[Result "1/2-1/2"]
[WhiteElo "1500"]
[BlackElo "1500"]
[PlyCount "52"]
[EventDate "2001.09.25"]

1. e4 e5 2. Nf3 Nc6 3. Bb5 d6 4. d4 Bd7 5. Nc3 f6 6. O-O a6 7. Ba4 b5 8. Bb3
Na5 9. Bxg8 Rxg8 10. Re1 Nc4 11. b3 Nb6 12. Be3 Bg4 13. h3 Bh5 14. g4 Bf7 15.
d5 Qd7 16. Kh2 h5 17. g5 f5 18. Bxb6 cxb6 19. h4 g6 20. Qd3 f4 21. Rg1 Be7 22.
Nd2 Kf8 23. f3 Kg7 24. a3 Rgb8 25. Na2 Be8 26. Nb4 Qb7 1/2-1/2

[Event "C.to Provinciale BG"]
[Site "Bergamo ITA"]
[Date "2001.10.23"]
[Round "5"]
[White "Signorelli, Roberto"]
[Black "Cambieri, Mario"]
[Result "1/2-1/2"]
[WhiteElo "1506"]
[BlackElo "1660"]
[PlyCount "135"]
[EventDate "2001.09.25"]

1. Nf3 c5 2. c4 Nf6 3. Nc3 g6 4. b3 Bg7 5. Bb2 O-O 6. e3 d6 7. Qc2 Nc6 8. a3 e6
9. d4 cxd4 10. exd4 Bd7 11. Be2 Rc8 12. O-O a6 13. Rfd1 Na5 14. d5 e5 15. Nd2
b5 16. Nce4 Nxe4 17. Nxe4 Bf5 18. Bd3 Bxe4 19. Bxe4 bxc4 20. b4 Nb7 21. Bc1 f5
22. Qa4 fxe4 23. Qxa6 Qd7 24. Be3 c3 25. Rdc1 Ra8 26. Qc4 Rfc8 27. Qxe4 Qb5 28.
g3 Qc4 29. Qxc4 Rxc4 30. Rc2 Rxb4 31. Rxc3 Rb5 32. Rac1 Nd8 33. Rc8 Rbb8 34.
Rxb8 Rxb8 35. a4 Bf6 36. a5 Ra8 37. Bb6 Nb7 38. Ra1 Bd8 39. Bxd8 Rxd8 40. Kg2
Kf7 41. a6 Nc5 42. Kf3 Ra8 43. a7 Nb3 44. Ra3 Nd4+ 45. Ke4 Ke7 46. f4 Nb5 47.
Ra5 Rxa7 48. Rxb5 Ra4+ 49. Ke3 exf4+ 50. gxf4 h5 51. Rb7+ Kf6 52. Rb6 Kf5 53.
Rxd6 Re4+ 54. Kd3 Rxf4 55. Rd8 Rh4 56. d6 Rxh2 57. Re8 Ra2 58. d7 Ra3+ 59. Kc4
Ra4+ 60. Kb3 Rd4 61. d8=Q Rxd8 62. Rxd8 h4 63. Kc3 h3 64. Kd3 Kg4 65. Rh8 Kg3
66. Ke3 g5 67. Ke2 h2 68. Kf1 1/2-1/2

[Event "C.to Provinciale BG"]
[Site "Bergamo ITA"]
[Date "2001.10.30"]
[Round "6"]
[White "Asperti, Fabio"]
[Black "Bassis, Ivano"]
[Result "0-1"]
[WhiteElo "1543"]
[BlackElo "1642"]
[PlyCount "132"]
[EventDate "2001.09.25"]

1. e4 d5 2. exd5 Qxd5 3. Nc3 Qa5 4. d4 Nf6 5. Nf3 Bf5 6. a3 e6 7. Bd2 c6 8. Ne4
Qd8 9. Ng3 Bg4 10. c3 Nbd7 11. Be2 Bd6 12. Ng5 Bf5 13. Nxf5 exf5 14. Qc2 g6 15.
O-O-O O-O 16. h4 Nd5 17. g3 Qf6 18. h5 h6 19. Nxf7 Rxf7 20. hxg6 Re7 21. Bd3 f4
22. Rxh6 fxg3 23. fxg3 Ne3 24. Qb3+ Qe6 25. Qxe6+ Rxe6 26. Rdh1 Nf8 27. c4 Kg7
28. d5 cxd5 29. cxd5 Nxd5 30. Kb1 Ne7 31. Bc4 Re4 32. Bd3 Rd4 33. Bc3 Be5 34.
Bxd4 Bxd4 35. Rh8 Nexg6 36. Bxg6 Kxg6 37. R8h6+ Kf5 38. R1h5+ Ke4 39. Rh4+ Ke3
40. g4 Nd7 41. Re6+ Ne5 42. g5 Rg8 43. g6 Kd3 44. Rd6 Nc6 45. Rh3+ Ke4 46. Rh5
Be5 47. Re6 Kd5 48. Rf6 b6 49. Ka2 Nd4 50. Rf7 a5 51. Re7 Ne6 52. Rd7+ Kc6 53.
Rf7 Kd6 54. Rh3 Rxg6 55. Rd3+ Bd4 56. Rh7 Rg2 57. Rh6 Rxb2+ 58. Ka1 Rd2+ 59.
Rxd4+ Rxd4 60. Kb2 Kc5 61. Rxe6 b5 62. Ra6 a4 63. Rg6 Rd2+ 64. Kc3 Ra2 65. Rg5+
Kb6 66. Rg6+ Ka5 0-1

[Event "C.to Provinciale BG"]
[Site "Bergamo ITA"]
[Date "2001.10.30"]
[Round "6"]
[White "Biava, Pierluigi"]
[Black "Elsido, Massimo"]
[Result "0-1"]
[WhiteElo "1525"]
[BlackElo "1657"]
[PlyCount "56"]
[EventDate "2001.09.25"]

1. Nf3 Nf6 2. g3 g6 3. Bg2 Bg7 4. O-O O-O 5. c3 c5 6. d3 d6 7. e4 Nc6 8. h3 Rb8
9. a4 a6 10. Qe2 b5 11. Re1 e5 12. d4 cxd4 13. cxd4 exd4 14. axb5 axb5 15. Na3
Qb6 16. Bf4 Ne8 17. Qd2 Be5 18. Nxe5 dxe5 19. Bh6 Ng7 20. Bf1 f5 21. exf5 Bxf5
22. g4 Bd7 23. Bxb5 Rf3 24. Kg2 Rbf8 25. Rf1 Qb7 26. Be2 Na5 27. Bxf3 Qxf3+ 28.
Kg1 Bc6 0-1

[Event "C.to Provinciale BG"]
[Site "Bergamo ITA"]
[Date "2001.10.30"]
[Round "6"]
[White "Cattaneo, Dario"]
[Black "Mazzotti, Federico"]
[Result "1-0"]
[WhiteElo "1327"]
[BlackElo "1743"]
[PlyCount "69"]
[EventDate "2001.09.25"]

1. Nf3 c5 2. c4 Nc6 3. Nc3 Nf6 4. d4 cxd4 5. Nxd4 g6 6. e3 Bg7 7. Nxc6 bxc6 8.
Be2 O-O 9. O-O Qa5 10. Bd2 Rb8 11. Nd5 Qd8 12. Nxf6+ Bxf6 13. Bc3 Bxc3 14. bxc3
Qa5 15. Qc2 Qa3 16. Rab1 Ba6 17. Rb3 Rxb3 18. Qxb3 Qxb3 19. axb3 Rb8 20. Ra1
Rb6 21. c5 Bxe2 22. cxb6 axb6 23. Ra7 Bg4 24. f3 Be6 25. c4 Kg7 26. Kf2 Kf6 27.
e4 d5 28. cxd5 cxd5 29. exd5 Bxd5 30. Ra6 Bxb3 31. Rxb6+ Be6 32. Ke3 h5 33. h4
g5 34. hxg5+ Kxg5 35. g3 1-0

[Event "C.to Provinciale BG"]
[Site "Bergamo ITA"]
[Date "2001.10.30"]
[Round "6"]
[White "Fiorona, Gianpietro"]
[Black "Riggio, Mauro"]
[Result "0-1"]
[WhiteElo "1528"]
[BlackElo "1702"]
[PlyCount "110"]
[EventDate "2001.09.25"]

1. d4 d5 2. Nc3 Bf5 3. Bg5 c6 4. f3 h5 5. e4 dxe4 6. fxe4 Bg4 7. Qd2 g6 8. Nf3
Bg7 9. Be3 Nf6 10. Bd3 Nbd7 11. h3 Bxf3 12. gxf3 e5 13. O-O-O O-O 14. Kb1 Qa5
15. Be2 b5 16. Ka1 exd4 17. Bxd4 b4 18. Nb1 c5 19. Be3 Ne5 20. Bf4 Rfd8 21. Qe3
Nc6 22. Qb3 Nd4 23. Qc4 b3 24. cxb3 Qb4 25. Nc3 a5 26. Kb1 Nd7 27. Nd5 Qxc4 28.
Bxc4 Ne5 29. Bxe5 Bxe5 30. Ne7+ Kf8 31. Nd5 Nxf3 32. Rhf1 Ng5 33. Nb6 Rxd1+ 34.
Rxd1 Re8 35. Nd7+ Kg7 36. Nxc5 Nxh3 37. Rd7 Ng5 38. Bd5 h4 39. Nd3 h3 40. Nf2
h2 41. Bc4 Nxe4 42. Rxf7+ Kh8 43. Nh1 Ng3 44. Nxg3 Bxg3 45. Rf1 Re5 46. Kc2 Bf2
47. Rh1 Bg1 48. Kd3 Kg7 49. a3 Kf6 50. b4 axb4 51. axb4 g5 52. b5 g4 53. Rxh2
Bxh2 54. Kd4 g3 55. Bf1 Rxb5 0-1

[Event "C.to Provinciale BG"]
[Site "Bergamo ITA"]
[Date "2001.10.30"]
[Round "6"]
[White "Mora, Aldo"]
[Black "Bertoletti, Vincenzo"]
[Result "1/2-1/2"]
[WhiteElo "1500"]
[BlackElo "1383"]
[PlyCount "46"]
[EventDate "2001.09.25"]

1. e4 d6 2. Bc4 Nf6 3. d3 Nbd7 4. a3 g6 5. h3 Bg7 6. Nf3 O-O 7. O-O c6 8. Ba2
Nc5 9. Be3 Nfd7 10. c3 Qa5 11. Qc2 e6 12. Nbd2 Ne5 13. Ne1 b6 14. d4 Ba6 15.
dxe5 Bxf1 16. Kxf1 Bxe5 17. Nd3 Nxd3 18. Qxd3 d5 19. exd5 exd5 20. Nf3 Bg7 21.
Qc2 c5 22. Rd1 Rad8 23. Rd2 Rd7 1/2-1/2

[Event "C.to Provinciale BG"]
[Site "Bergamo ITA"]
[Date "2001.10.30"]
[Round "6"]
[White "Mora, Lorenzo"]
[Black "Longo, Pietro"]
[Result "0-1"]
[WhiteElo "1500"]
[BlackElo "1585"]
[PlyCount "159"]
[EventDate "2001.09.25"]

1. e4 c5 2. Nf3 d6 3. d4 cxd4 4. Nxd4 Nf6 5. Nc3 a6 6. Bg5 e6 7. a3 Be7 8. Bc4
Qa5 9. Bd2 Qc7 10. Bb3 Nc6 11. Be3 O-O 12. O-O Ne5 13. h3 Nc4 14. Bxc4 Qxc4 15.
Qd3 Qc7 16. f4 b5 17. Nf3 Bb7 18. Rae1 Rac8 19. Bd4 Rfd8 20. Qe3 Qc6 21. e5 Nd5
22. Nxd5 Qxd5 23. Bb6 Re8 24. Rd1 Qc6 25. Rf2 d5 26. Bd4 a5 27. Bc3 b4 28. axb4
axb4 29. Bd4 Ra8 30. c3 b3 31. Nd2 Qb5 32. Rdf1 g6 33. g4 Ba6 34. f5 Qd3 35.
Qh6 Qg3+ 36. Rg2 Qh4 37. Qxh4 Bxh4 38. Rd1 Reb8 39. fxg6 fxg6 40. g5 h6 41.
gxh6 Kh7 42. Nf3 Be7 43. Ng5+ Bxg5 44. Rxg5 Be2 45. Rd2 Bf3 46. h4 Ra1+ 47. Kh2
Be4 48. Bc5 Rf1 49. Rg1 Rxg1 50. Kxg1 Kxh6 51. Rf2 Ra8 52. Rf7 Ra1+ 53. Kf2 Rb1
54. Ba3 Bd3 55. Ke3 Bf5 56. Rb7 Bc2 57. Rb6 Ra1 58. Ra6 Re1+ 59. Kf2 Rxe5 60.
Kg3 Re3+ 61. Kf2 Re4 62. Ra8 Kh5 63. Rh8+ Kg4 64. Rh6 Ra4 65. Rxg6+ Bxg6 66.
Ke3 Rxa3 67. bxa3 b2 68. Kd4 b1=Q 69. Ke5 Qe4+ 70. Kd6 d4 71. h5 Qd5+ 72. Ke7
Kf5 73. hxg6 Kxg6 74. c4 Qb7+ 75. Kxe6 Qc6+ 76. Ke5 d3 77. c5 d2 78. Kf4 d1=Q
79. Kg3 Qf1 80. Kh4 0-1

[Event "C.to Provinciale BG"]
[Site "Bergamo ITA"]
[Date "2001.10.30"]
[Round "6"]
[White "Nasoni, Paolo"]
[Black "Signorelli, Roberto"]
[Result "0-1"]
[WhiteElo "1747"]
[BlackElo "1506"]
[PlyCount "96"]
[EventDate "2001.09.25"]

1. e4 e6 2. Qe2 Nc6 3. c3 d5 4. exd5 Qxd5 5. d4 Nf6 6. Nf3 Be7 7. g3 b6 8. Bg2
Bb7 9. O-O O-O 10. Ne5 Nxd4 11. Bxd5 Nxe2+ 12. Kg2 Nxd5 13. f3 Nxc1 14. Rxc1
Rad8 15. Nc4 Bg5 16. Re1 b5 17. Na5 Ba8 18. Na3 Ne3+ 19. Kf2 Rd2+ 20. Re2 Rxe2+
21. Kxe2 Nc4 22. N5xc4 bxc4 23. Nxc4 Rd8 24. f4 Be7 25. b4 Bb7 26. a4 Bf6 27.
Rc1 c6 28. Na5 Rd7 29. Nb3 Be7 30. Rc2 Kf8 31. b5 c5 32. c4 Be4 33. Rd2 Ke8 34.
Ke3 Rxd2 35. Kxd2 Kd7 36. a5 g5 37. Ke3 Ba8 38. Nd2 f5 39. Nb3 h6 40. Nd2 Kd6
41. a6 e5 42. fxe5+ Kxe5 43. Nb3 f4+ 44. gxf4+ gxf4+ 45. Ke2 Ke4 46. Nd2+ Kd4
47. Nf3+ Bxf3+ 48. Kxf3 Bd8 0-1

[Event "C.to Provinciale BG"]
[Site "Bergamo ITA"]
[Date "2001.10.30"]
[Round "6"]
[White "Ranfagni, Stefano"]
[Black "Molteni, Costantino"]
[Result "1/2-1/2"]
[WhiteElo "1618"]
[BlackElo "1567"]
[PlyCount "113"]
[EventDate "2001.09.25"]

1. e4 Nf6 2. e5 Nd5 3. c4 Nb6 4. d4 d6 5. f4 dxe5 6. fxe5 Nc6 7. Nf3 Bf5 8. a3
e6 9. Be2 Qd7 10. Nc3 Rd8 11. c5 Nd5 12. O-O Be7 13. Bc4 Nxc3 14. bxc3 Na5 15.
Be2 b6 16. cxb6 axb6 17. Bg5 O-O 18. Bxe7 Qxe7 19. Nd2 Qd7 20. Nb3 Qa4 21. Nxa5
Qxd1 22. Raxd1 bxa5 23. d5 Bc2 24. Rd2 Ba4 25. d6 cxd6 26. exd6 Rd7 27. c4 Rc8
28. Rc1 Rc5 29. Rb1 f5 30. Bh5 g6 31. Be2 e5 32. h4 Kf7 33. g4 Ke6 34. gxf5+
gxf5 35. Rf1 e4 36. Rd5 Rxd5 37. cxd5+ Ke5 38. Ba6 Rxd6 39. Bc8 Bd7 40. Bb7 Rh6
41. Rc1 Rxh4 42. Rc5 Rf4 43. Rxa5 e3 44. Rc5 e2 45. Rc1 Ba4 46. Re1 Bd1 47. Ba6
Rf1+ 48. Rxf1 exf1=Q+ 49. Kxf1 Kxd5 50. Kf2 Ba4 51. Kf3 Ke5 52. Bc4 Bc6+ 53.
Kf2 f4 54. Be2 Kf5 55. a4 Bxa4 56. Bd3+ Ke5 57. Bxh7 1/2-1/2

[Event "C.to Provinciale BG"]
[Site "Bergamo ITA"]
[Date "2001.10.30"]
[Round "6"]
[White "Rosti, Mario"]
[Black "Rota, Luca"]
[Result "0-1"]
[WhiteElo "1404"]
[BlackElo "1500"]
[PlyCount "52"]
[EventDate "2001.09.25"]

1. e4 c5 2. Nf3 d6 3. d4 cxd4 4. Nxd4 Nf6 5. Nc3 a6 6. Bc4 e6 7. a3 b5 8. Ba2
Bb7 9. f3 Be7 10. O-O Nc6 11. Nxc6 Bxc6 12. Kh1 O-O 13. b4 Nd7 14. Qe1 Bf6 15.
Rb1 Rc8 16. Ne2 Ba8 17. Bb3 Nb6 18. Bb2 Nc4 19. Bxc4 Rxc4 20. c3 Qc7 21. Qg3
Be5 22. f4 Rxe4 23. fxe5 Rxe2 24. exd6 Rxg2 25. Rf3 Rxg3 26. hxg3 Bxf3+ 0-1